[Event "62nd ch-IND 2025"]
[Site "Guntur IND"]
[Date "2025.09.26"]
[Round "6.38"]
[White "Vedant Rupeshbhai Varasada"]
[Black "Abhishek, Kelkar"]
[Result "0-1"]
[WhiteTitle "CM"]
[BlackTitle "IM"]
[WhiteElo "2044"]
[BlackElo "2172"]
[WhiteFideId "25156527"]
[BlackFideId "5019257"]
[EventDate "2025.09.21"]

1. e4 c5 2. Nf3 e6 3. d4 cxd4 4. Nxd4 a6 5. c4 Nf6 6. Nc3 Qc7 7. a3 b6 8. f4 Bb7
9. Bd3 Nc6 10. Nxc6 Qxc6 11. Qe2 Bc5 12. Be3 h5 13. O-O Ng4 14. Bxc5 Qxc5+ 15.
Kh1 g5 16. e5 gxf4 17. Be4 Bxe4 18. Qxe4 Rc8 19. Qxf4 Qxe5 20. Qxf7+ Kd8 21. g3
Rxc4 22. Rae1 Qg5 23. Rd1 Qe7 24. Qf3 h4 25. Qa8+ Rc8 26. Qxa6 hxg3 27. Qxb6+
Ke8 28. Qd4 Rxh2+ 29. Kg1 Qc5 30. Qxc5 Rxc5 31. Rf3 Nf2 32. Rxg3 Nxd1 33. Kxh2
Nxb2 34. Ne4 Rc2+ 35. Rg2 Rxg2+ 36. Kxg2 d5 37. Nc5 Ke7 38. Kf2 Kd6 39. Nb7+ Kc7
40. Nc5 e5 41. Ke2 Kc6 42. Ne6 Kb5 43. Nf8 Kc4 44. Ng6 e4 45. Ke3 Nd1+ 46. Kd2
Nc3 47. Ne5+ Kd4 48. Nc6+ Kc5 49. Nb8 d4 50. Nd7+ Kc4 51. Ne5+ Kd5 52. Nd7 Nb1+
53. Ke2 Nxa3 54. Nf6+ Ke5 55. Nd7+ Kf4 56. Nc5 Nc4 57. Ne6+ Ke5 58. Nc5 Kd5 59.
Nb3 d3+ 60. Ke1 e3 0-1

[Event "62nd ch-IND 2025"]
[Site "Guntur IND"]
[Date "2025.09.26"]
[Round "6.39"]
[White "Mukund Hemant Agarwal"]
[Black "Kolla Bhaavan"]
[Result "1-0"]
[WhiteTitle "CM"]
[WhiteElo "2169"]
[BlackElo "2008"]
[WhiteFideId "25679791"]
[BlackFideId "25106821"]
[EventDate "2025.09.21"]

1. d4 Nf6 2. c4 c5 3. d5 e6 4. Nc3 exd5 5. cxd5 d6 6. Nf3 g6 7. Nd2 Bg7 8. e4
O-O 9. Be2 a6 10. a4 Ne8 11. O-O Nd7 12. Nc4 Ne5 13. Ne3 f5 14. f4 Nf7 15. exf5
gxf5 16. Kh1 Nf6 17. Bd3 Nh6 18. Bd2 Qe8 19. Nc4 Qd8 20. a5 Rb8 21. Qf3 Qc7 22.
Rae1 Bd7 23. Re7 Rbe8 24. Rfe1 Rxe7 25. Rxe7 Re8 26. Qe2 Kf8 27. Rxe8+ Bxe8 28.
Qe6 Nf7 29. Nb6 Nd8 30. Qxf5 Bg6 31. Qh3 Qe7 32. Bxg6 hxg6 33. Qe3 Qf7 34. h3
Nd7 35. Nc8 Bd4 36. Qf3 Qf6 37. Ne4 Qf5 38. Nexd6 Qb1+ 39. Kh2 Nf6 40. Qe2 Qg1+
41. Kg3 Nxd5 42. f5 Be3 43. fxg6 Ne6 44. Bxe3 Qxe3+ 45. Qxe3 Nxe3 46. h4 Kg7 47.
h5 Nd1 48. b3 Ne3 49. Kf3 Nd1 50. g4 Nd4+ 51. Kf4 Nf2 52. Ne8+ Kh6 53. g5+ Kxh5
54. g7 Ne6+ 1-0

[Event "62nd ch-IND 2025"]
[Site "Guntur IND"]
[Date "2025.09.26"]
[Round "6.40"]
[White "Ayushh, Ravikumar"]
[Black "Majumder Shrayan"]
[Result "1/2-1/2"]
[WhiteTitle "FM"]
[WhiteElo "2038"]
[BlackElo "2161"]
[WhiteFideId "35039482"]
[BlackFideId "45040419"]
[EventDate "2025.09.21"]

1. d4 Nf6 2. Nf3 b6 3. c4 e6 4. g3 Bb7 5. Bg2 Be7 6. O-O O-O 7. Nc3 Ne4 8. Qc2
Nxc3 9. Qxc3 f5 10. b3 Bf6 11. Bb2 d6 12. Rfe1 Qe7 13. Qd2 Nd7 14. Ne5 dxe5 15.
Bxb7 Rad8 16. d5 e4 17. Rad1 exd5 18. cxd5 e3 19. fxe3 Bxb2 20. d6 cxd6 21. Qxb2
Nf6 22. Bf3 Qxe3+ 23. Kg2 Ng4 24. Bxg4 fxg4 25. Qd4 Qe6 26. Qd5 Rf6 27. Rd4
Qxd5+ 28. Rxd5 Re8 29. e4 g6 30. Re2 h5 31. a4 Rfe6 32. a5 Kg7 33. axb6 axb6 34.
Red2 Rxe4 35. Rxd6 Rb4 36. R6d3 Re1 37. Rb2 Rbe4 38. Rd7+ Kh6 39. Rd6 Re6 40.
Rbd2 R1e3 41. b4 R3e4 42. b5 R4e5 43. Rc6 Kg5 44. h4+ Kf6 45. Rb2 Ke7 46. Rc7+
Kd8 47. Rg7 Re2+ 48. Rxe2 Rxe2+ 49. Kf1 Rb2 50. Rxg6 Rxb5 51. Rg7 Rc5 52. Ke2
Ke8 53. Kd3 Ra5 54. Ke4 Kd8 55. Rb7 Rb5 56. Rh7 Kc8 57. Kd4 Kb8 58. Kc4 Ra5 59.
Kb4 Rf5 60. Kc4 Rf3 61. Rxh5 Kc7 62. Rg5 Rxg3 63. h5 Kc6 64. Rg6+ Kd7 65. h6 Rh3 1/2-1/2

[Event "62nd ch-IND 2025"]
[Site "Guntur IND"]
[Date "2025.09.26"]
[Round "6.41"]
[White "Surendran, N"]
[Black "Sahu, Sekhar Chandra"]
[Result "1-0"]
[BlackTitle "IM"]
[WhiteElo "2158"]
[BlackElo "1980"]
[WhiteFideId "5021243"]
[BlackFideId "5000157"]
[EventDate "2025.09.21"]

1. d4 Nf6 2. Nf3 e6 3. c4 c5 4. d5 d6 5. Nc3 exd5 6. cxd5 a6 7. a4 g6 8. Bf4 Bg7
9. h3 O-O 10. e3 Bf5 11. Bd3 Bxd3 12. Qxd3 b6 13. Nd2 Re8 14. Nc4 Bf8 15. O-O
Ra7 16. Rab1 Qc7 17. e4 Nfd7 18. Rbd1 Rb7 19. Qg3 Ne5 20. Bxe5 dxe5 21. d6 Qd8
22. Nxe5 Bg7 23. Rd5 Re6 24. Rfd1 Qe8 25. f4 Bxe5 26. Rxe5 Rxe5 27. fxe5 Nc6 28.
Nd5 Kg7 29. Nf6 Qd8 30. Kh2 h6 31. Qf4 Rb8 32. d7 Qe7 33. e6 Rf8 34. Ne8+ Kg8
35. Qf6 Qxf6 36. Nxf6+ Kg7 37. Ne8+ 1-0

[Event "62nd ch-IND 2025"]
[Site "Guntur IND"]
[Date "2025.09.26"]
[Round "6.42"]
[White "Vedant Garg"]
[Black "Andalamala Hemal Varshan"]
[Result "1-0"]
[WhiteElo "2140"]
[BlackElo "1998"]
[WhiteFideId "33422362"]
[BlackFideId "33315957"]
[EventDate "2025.09.21"]

1. e4 c5 2. Nf3 g6 3. d4 cxd4 4. Nxd4 Nc6 5. Nc3 Bg7 6. Be3 Nf6 7. Nb3 d6 8. f3
Be6 9. Qd2 O-O 10. O-O-O Ne5 11. Kb1 Nc4 12. Bxc4 Bxc4 13. Bh6 b5 14. h4 a5 15.
h5 b4 16. Bxg7 Kxg7 17. hxg6 fxg6 18. e5 bxc3 19. exf6+ Kg8 20. Qxc3 Rc8 21.
Rxh7 Kxh7 22. Rh1+ Kg8 23. fxe7 Qxe7 24. Qh8+ Kf7 25. Rh7+ Ke6 26. Rxe7+ Kxe7
27. Qh4+ Kd7 28. Nxa5 Rh8 29. Qg4+ Be6 30. Qa4+ Ke7 31. b3 Bd5 32. Qd4 Rh5 33.
Qa7+ Kf6 34. Qb6 Be6 35. Nb7 Rh1+ 36. Kb2 Bf5 37. c4 Re8 38. Nxd6 Re2+ 39. Ka3
Kg5 40. g3 Rh7 41. Qd8+ Kh6 42. Qf8+ Kg5 43. Nf7+ Kf6 44. Nh6+ Kg5 45. f4+ Kh5
46. Nxf5 1-0

[Event "62nd ch-IND 2025"]
[Site "Guntur IND"]
[Date "2025.09.26"]
[Round "6.43"]
[White "Jagesia Daksh"]
[Black "Chidvilash, Sai Surapaneni"]
[Result "0-1"]
[BlackTitle "CM"]
[WhiteElo "1975"]
[BlackElo "2124"]
[WhiteFideId "25670956"]
[BlackFideId "25748530"]
[EventDate "2025.09.21"]

1. Nf3 d5 2. c4 d4 3. b4 c5 4. e3 Nf6 5. Bb2 dxe3 6. fxe3 cxb4 7. d4 g6 8. Bd3
Bh6 9. Qe2 O-O 10. O-O a5 11. e4 Bg4 12. a3 Na6 13. h3 Bxf3 14. Qxf3 Qc7 15. g4
Nd7 16. c5 e5 17. axb4 axb4 18. Bc4 Ndxc5 19. dxe5 Bg7 20. Nd2 Bxe5 21. Bxe5
Qxe5 22. Bxf7+ Kg7 23. Nc4 Qe7 24. Qe3 Rxf7 25. Qd4+ Kg8 26. Nd6 Rxf1+ 27. Rxf1
Rd8 28. e5 Ne6 29. Qc4 Rf8 30. Rd1 Nc5 31. Kg2 Qg5 32. Nxb7 Qe3 33. Rf1 Rxf1 34.
Kxf1 Qf3+ 0-1

[Event "62nd ch-IND 2025"]
[Site "Guntur IND"]
[Date "2025.09.27"]
[Round "7.1"]
[White "Gupta, Abhijeet"]
[Black "Sasikiran, Krishnan"]
[Result "1/2-1/2"]
[WhiteTitle "GM"]
[BlackTitle "GM"]
[WhiteElo "2511"]
[BlackElo "2524"]
[WhiteFideId "5010608"]
[BlackFideId "5004985"]
[EventDate "2025.09.21"]

1. d4 d5 2. c4 c6 3. Nf3 Nf6 4. e3 e6 5. b3 c5 6. Bb2 cxd4 7. Nxd4 Bb4+ 8. Nd2
O-O 9. a3 Be7 10. Be2 b6 11. cxd5 Nxd5 12. O-O Bb7 13. Rc1 Nd7 14. b4 a5 15. b5
Nc5 16. Nc4 Qc7 17. Bf3 Rac8 18. Bxd5 Bxd5 19. Nf5 exf5 20. Qxd5 Nb3 21. Rc3 Bf6
22. Rxb3 Qxc4 23. Qxc4 Rxc4 24. Bxf6 gxf6 25. Rd3 Re8 26. g3 Re5 27. Rb1 Kg7 28.
Kg2 Rc2 29. Rd6 Rxe3 30. Rxb6 Ree2 31. Rf1 1/2-1/2

[Event "62nd ch-IND 2025"]
[Site "Guntur IND"]
[Date "2025.09.27"]
[Round "7.2"]
[White "Aronyak, Ghosh"]
[Black "Ajay Santhosh Parvathareddy"]
[Result "1/2-1/2"]
[WhiteTitle "IM"]
[BlackTitle "FM"]
[WhiteElo "2514"]
[BlackElo "2482"]
[WhiteFideId "25072846"]
[BlackFideId "25998676"]
[EventDate "2025.09.21"]

1. Nf3 Nf6 2. g3 g6 3. c4 Bg7 4. d4 O-O 5. Bg2 c5 6. Nc3 d5 7. dxc5 Qa5 8. Qa4
Qxc5 9. Be3 Qxc4 10. Qxc4 dxc4 11. Ne5 Ne4 12. Nd5 Bxe5 13. Nxe7+ Kg7 14. Bxe4
Nc6 15. Nxc6 bxc6 16. O-O-O Be6 17. Bf4 Bf6 18. Be3 Be5 19. Bf4 Bf6 20. Be3 1/2-1/2

[Event "62nd ch-IND 2025"]
[Site "Guntur IND"]
[Date "2025.09.27"]
[Round "7.3"]
[White "Iniyan, Pa"]
[Black "Goutham Krishna H"]
[Result "1/2-1/2"]
[WhiteTitle "GM"]
[BlackTitle "IM"]
[WhiteElo "2599"]
[BlackElo "2418"]
[WhiteFideId "25002767"]
[BlackFideId "25983504"]
[EventDate "2025.09.21"]

1. d4 Nf6 2. c4 g6 3. Nf3 Bg7 4. g3 O-O 5. Bg2 d6 6. Nc3 c6 7. O-O Bf5 8. Ne1 e5
9. d5 cxd5 10. cxd5 a5 11. e4 Bd7 12. Nd3 Na6 13. a3 Ne8 14. Be3 f5 15. Qd2 Nf6
16. b4 axb4 17. axb4 Nc7 18. exf5 gxf5 19. Bb6 Qb8 20. h3 Nb5 21. Ra5 Ra6 22.
Be3 Nxc3 23. Qxc3 Rc8 24. Qb3 Ne4 25. Rc1 Rxc1+ 26. Nxc1 Qc7 27. Bf1 Rxa5 28.
bxa5 Nf6 29. Bd2 Ne4 30. Be3 Nf6 31. Bd2 Ne4 1/2-1/2

[Event "62nd ch-IND 2025"]
[Site "Guntur IND"]
[Date "2025.09.27"]
[Round "7.4"]
[White "Jain, Kashish Manoj"]
[Black "Ganguly, Surya Shekhar"]
[Result "1/2-1/2"]
[WhiteTitle "IM"]
[BlackTitle "GM"]
[WhiteElo "2398"]
[BlackElo "2573"]
[WhiteFideId "35081098"]
[BlackFideId "5002150"]
[EventDate "2025.09.21"]

1. e4 c6 2. d4 d5 3. e5 c5 4. Nf3 cxd4 5. Nxd4 Nc6 6. Nxc6 bxc6 7. Bd3 e6 8. Nd2
Ne7 9. O-O a5 10. Qe2 Ng6 11. Nf3 Be7 12. g3 c5 13. h4 c4 14. Bxg6 hxg6 15. c3
a4 16. a3 Rb8 17. Be3 Bd7 18. Rad1 Qc7 19. Bc1 Rb6 20. Nd4 Qb7 21. f4 Kd8 22.
Rf2 Kc7 23. Be3 Kb8 24. Nf3 Rb5 25. Nd4 Rb6 26. Rd2 Ka8 27. Nf3 Rc6 28. Rh2 Rcc8
29. Nd4 Rh5 30. g4 Rhh8 1/2-1/2

[Event "62nd ch-IND 2025"]
[Site "Guntur IND"]
[Date "2025.09.27"]
[Round "7.5"]
[White "Sethuraman, S.P."]
[Black "Deepan, Chakkravarthy J."]
[Result "1/2-1/2"]
[WhiteTitle "GM"]
[BlackTitle "GM"]
[WhiteElo "2572"]
[BlackElo "2407"]
[WhiteFideId "5021596"]
[BlackFideId "5011132"]
[EventDate "2025.09.21"]

1. e4 e5 2. Nf3 Nf6 3. Nxe5 d6 4. Nf3 Nxe4 5. Nc3 Nxc3 6. dxc3 Be7 7. Be3 Nd7 8.
Qd2 Ne5 9. O-O-O Nxf3 10. gxf3 Be6 11. Bd4 Rg8 12. Bd3 g6 13. Qe2 c6 14. c4 Qa5
15. Kb1 O-O-O 16. Qe3 Rge8 17. Bc3 Qc5 18. Bd4 Qa5 19. Bc3 Qc5 20. Bd4 Qa5 21.
Bc3 1/2-1/2

[Event "62nd ch-IND 2025"]
[Site "Guntur IND"]
[Date "2025.09.27"]
[Round "7.6"]
[White "Lalit Babu M R"]
[Black "Ravi, Teja S."]
[Result "1/2-1/2"]
[WhiteTitle "GM"]
[BlackTitle "IM"]
[WhiteElo "2502"]
[BlackElo "2410"]
[WhiteFideId "5024595"]
[BlackFideId "5017220"]
[EventDate "2025.09.21"]

1. d4 d5 2. Nf3 Nf6 3. c4 e6 4. Nc3 Be7 5. cxd5 exd5 6. Bf4 c6 7. h3 Bf5 8. e3
Nbd7 9. g4 Bg6 10. Nh4 Qb6 11. Nxg6 hxg6 12. Rb1 Nf8 13. Be2 Qd8 14. Qb3 Qb6 15.
Qc2 Qd8 16. Qb3 Qb6 17. Qc2 Qd8 18. Qb3 Qb6 1/2-1/2

[Event "62nd ch-IND 2025"]
[Site "Guntur IND"]
[Date "2025.09.27"]
[Round "7.7"]
[White "Sidhant, Mohapatra"]
[Black "Sengupta, Deep"]
[Result "0-1"]
[WhiteTitle "IM"]
[BlackTitle "GM"]
[WhiteElo "2384"]
[BlackElo "2490"]
[WhiteFideId "5028698"]
[BlackFideId "5008352"]
[EventDate "2025.09.21"]

1. e4 e6 2. d4 d5 3. Nc3 Nf6 4. e5 Nfd7 5. f4 c5 6. Nf3 Nc6 7. Be3 a6 8. a3 Qb6
9. dxc5 Bxc5 10. Na4 Qa5+ 11. b4 Qxa4 12. bxc5 O-O 13. c4 Qa5+ 14. Qd2 Qxd2+ 15.
Kxd2 Rd8 16. cxd5 exd5 17. Bf2 Nf8 18. Bd3 d4 19. Rhc1 Be6 20. Rab1 Bd5 21. Bc4
Ne6 22. Bh4 Rd7 23. Bxd5 Rxd5 24. Rxb7 Rc8 25. Be7 Nxe7 26. Rxe7 Nxc5 27. Kd1 h6
28. g3 Rb8 29. Rc7 Rb5 30. Nh4 d3 31. Nf5 d2 32. Ra1 Kh8 33. Ne3 Rd8 34. Ke2 Ne6
35. Rxf7 Kg8 36. Re7 Nd4+ 37. Kf2 Rb3 38. Nd1 Rc8 39. e6 Nf5 40. Rd7 Rc1 41. Ra2
Rxd1 42. g4 Rh1 43. Raxd2 Rxh2+ 44. Kg1 Rxd2 45. Rxd2 Rg3+ 46. Kh2 Rxg4 47. Rd8+
Kh7 48. Rf8 Rxf4 0-1

[Event "62nd ch-IND 2025"]
[Site "Guntur IND"]
[Date "2025.09.27"]
[Round "7.8"]
[White "Manish Anto, Cristiano F"]
[Black "Ayush, Sharma"]
[Result "0-1"]
[WhiteTitle "IM"]
[BlackTitle "IM"]
[WhiteElo "2368"]
[BlackElo "2457"]
[WhiteFideId "25095927"]
[BlackFideId "45010943"]
[EventDate "2025.09.21"]

1. d4 Nf6 2. c4 e6 3. Nf3 b6 4. Bf4 Bb7 5. e3 Be7 6. Nc3 Nh5 7. Bg3 d6 8. Bd3
Nd7 9. Be4 Bxe4 10. Nxe4 O-O 11. Nc3 f5 12. O-O g6 13. Qb3 c6 14. Rfe1 h6 15.
Rad1 Kh7 16. h3 Nxg3 17. fxg3 d5 18. g4 Bd6 19. cxd5 exd5 20. gxf5 gxf5 21. Qc2
Qf6 22. Qa4 Rg8 23. Kf1 b5 24. Qa6 Bg3 25. Re2 Rg7 26. a4 Nb8 27. Qc8 b4 28. e4
bxc3 29. exf5 Rc7 30. Qe8 c2 31. Rc1 Qxf5 32. Rcxc2 Qf7 33. Rc3 Qxe8 34. Rxe8
Rf7 35. Ke2 Rg7 36. Ne5 Bxe5 37. dxe5 Rg8 38. Re7+ Rg7 39. Re8 Rxg2+ 40. Kd1 Rg8
41. Re7+ Rg7 42. Re8 Rg8 43. Re7+ Kh8 44. a5 d4 45. Rc4 c5 46. Rxc5 Na6 47. Rc6
Rg1+ 48. Ke2 d3+ 49. Ke3 Nc5 50. Rxh6+ Kg8 51. Rd6 Rf8 52. b4 Rg3+ 53. Kd4 Nb3+
54. Kc3 d2+ 55. Kb2 d1=Q 56. Rxd1 Rf2+ 57. Kb1 Nd2+ 58. Kc1 Rc3+ 59. Kb2 Ne4+
60. Kb1 Nd2+ 61. Kb2 Rxh3 62. Kc1 Nb3+ 63. Kb1 Nd2+ 64. Kc1 Rc3+ 65. Kb2 Rg3 66.
Kc1 Nb3+ 67. Kb1 Nd4 68. Rc7 Rb3+ 69. Kc1 Rxb4 70. Rg1+ Kf8 71. Rh1 Nb3+ 72. Kb1
Nxa5+ 73. Ka1 Nb3+ 74. Kb1 Nd4+ 75. Kc1 Kg8 76. Rg1+ Kf8 77. Rh1 Ne2+ 78. Kd2
Nf4+ 79. Ke3 Nd5+ 80. Kxf2 Nxc7 81. Rh7 Rb7 82. Kf3 a5 83. Ke4 a4 84. Rh1 a3 85.
Kd4 Rb4+ 86. Kc5 Na6+ 87. Kd6 Rb6+ 88. Kd5 a2 89. Rf1+ Ke7 90. Ra1 Rb1 0-1

[Event "62nd ch-IND 2025"]
[Site "Guntur IND"]
[Date "2025.09.27"]
[Round "7.9"]
[White "Subhayan, Kundu"]
[Black "Harsh, Suresh"]
[Result "0-1"]
[WhiteTitle "IM"]
[BlackTitle "IM"]
[WhiteElo "2352"]
[BlackElo "2443"]
[WhiteFideId "5094801"]
[BlackFideId "45018464"]
[EventDate "2025.09.21"]

1. e4 e5 2. Nc3 Nf6 3. Bc4 Nc6 4. d3 Bb4 5. Ne2 d5 6. exd5 Nxd5 7. O-O Be6 8.
Nxd5 Bxd5 9. Bxd5 Qxd5 10. f4 O-O-O 11. fxe5 Bc5+ 12. Kh1 Nxe5 13. Nc3 Qd7 14.
Ne4 Bb6 15. Bf4 Rde8 16. h3 f5 17. Nd2 g6 18. Bxe5 Rxe5 19. Nc4 Re6 20. Nxb6+
Rxb6 21. Qd2 Re8 22. b3 Rbe6 23. Rae1 Qe7 24. Rxe6 Qxe6 25. a4 Qe2 26. Rf2 Qxd2
27. Rxd2 Re1+ 28. Kh2 Kd7 29. Kg3 Ke6 30. Kf2 Re5 31. Kf3 Re1 32. Kf2 Re5 33.
Kf3 g5 34. d4 Re1 35. Kf2 Re4 36. c4 a5 37. g3 Kd6 38. Rd3 b6 39. Rd2 Kd7 40.
Rd3 h6 41. Rd1 Kd6 42. Rd3 Kd7 43. Rd1 Ke6 44. Rd3 Kd6 45. Rd2 h5 46. Rd3 g4 47.
hxg4 hxg4 48. Kf1 Ke6 49. Kf2 f4 50. gxf4 Rxf4+ 51. Kg2 Kf5 52. d5 Ke4 53. Rd1
Rf3 54. Rh1 Ke5 55. Rh7 Kd6 56. Rh6+ Kd7 57. Rh7+ Kc8 58. Rh8+ Kb7 59. Rh7 Rxb3
60. d6 Kc6 61. dxc7 Kb7 62. c5 bxc5 63. c8=Q+ Kxc8 64. Ra7 Rc3 65. Kf2 Kb8 66.
Rxa5 g3+ 67. Ke2 g2 68. Rb5+ Kc7 69. Rb1 Rg3 70. Kf2 g1=Q+ 71. Rxg1 Rxg1 72.
Kxg1 Kb6 0-1

[Event "62nd ch-IND 2025"]
[Site "Guntur IND"]
[Date "2025.09.27"]
[Round "7.10"]
[White "Nitin, S."]
[Black "Rohith, Krishna S"]
[Result "1/2-1/2"]
[WhiteTitle "IM"]
[BlackTitle "IM"]
[WhiteElo "2316"]
[BlackElo "2503"]
[WhiteFideId "5018277"]
[BlackFideId "46617051"]
[EventDate "2025.09.21"]

1. e4 c5 2. Nc3 Nc6 3. Bb5 Nd4 4. Nf3 a6 5. Bd3 g6 6. Nxd4 cxd4 7. Ne2 Bg7 8. c3
dxc3 9. dxc3 d6 10. O-O Nf6 11. c4 Nd7 12. Rb1 O-O 13. Bd2 Ne5 14. Bc3 Bd7 15.
f4 Ng4 16. Bxg7 Kxg7 17. Qe1 b5 18. cxb5 Bxb5 19. Bxb5 axb5 20. Nc3 b4 21. Nd5
Rxa2 22. Qxb4 e6 23. Qd4+ Nf6 24. Nb4 Ra8 25. Rbc1 e5 26. fxe5 dxe5 27. Qxd8
Raxd8 28. Nc6 Rd2 29. Nxe5 Rxb2 30. Nc4 Re2 31. e5 Nd7 32. Rce1 Rxe1 33. Rxe1
Rc8 34. e6 Rxc4 35. exd7 Rd4 36. Kf2 Rxd7 37. h4 f5 38. g3 Kh6 39. Re3 Kh5 40.
Kf3 Ra7 41. Rb3 Rc7 42. Ra3 Rb7 43. Rc3 Rb4 44. Ra3 Rb1 45. Rc3 Rb5 46. Kg2 h6
47. Kh3 g5 48. hxg5 hxg5 49. g4+ fxg4+ 50. Kg3 Rb4 51. Rc6 Rb3+ 52. Kg2 Ra3 53.
Rb6 Re3 54. Ra6 g3 55. Ra4 Rb3 56. Rc4 Ra3 57. Rb4 Kg6 58. Rb5 Kf6 59. Rc5 Re3
60. Ra5 Kg6 61. Rb5 Kh5 62. Rb4 g4 63. Rb8 Kh4 64. Rh8+ Kg5 65. Rg8+ Kh4 66.
Rh8+ Kg5 67. Rg8+ Kh4 1/2-1/2

[Event "62nd ch-IND 2025"]
[Site "Guntur IND"]
[Date "2025.09.27"]
[Round "7.11"]
[White "Ankit Ray"]
[Black "Srihari, L R"]
[Result "1/2-1/2"]
[WhiteTitle "FM"]
[BlackTitle "GM"]
[WhiteElo "2221"]
[BlackElo "2481"]
[WhiteFideId "25770624"]
[BlackFideId "46617116"]
[EventDate "2025.09.21"]

1. Nf3 d5 2. g3 c5 3. Bg2 g6 4. O-O Bg7 5. d4 cxd4 6. Nxd4 e5 7. Nb3 Ne7 8. c4
d4 9. e3 O-O 10. exd4 exd4 11. Bf4 Nec6 12. Na3 g5 13. Bd2 Nd7 14. f4 a5 15.
fxg5 a4 16. Nc1 Nde5 17. h3 d3 18. Kh2 Be6 19. Bc3 Qxg5 20. Nxd3 Rfd8 21. Bd2
Qe7 22. Nxe5 Nxe5 23. Qe2 Qc5 24. Be3 Qb4 25. Bg5 Rd7 26. Bf6 Nxc4 27. Nxc4 Qxc4
28. Qe3 Bxf6 29. Rxf6 Qd4 30. Qxd4 Rxd4 31. Rf2 Rad8 32. Rc1 b5 33. a3 Bb3 34.
Re1 Bc4 35. Rc1 Kg7 36. Rcc2 Rd1 37. Bf3 R1d4 38. Bg2 R8d7 39. Bf1 Bxf1 40. Rxf1
Rd2+ 41. Rf2 Rxc2 42. Rxc2 Rd3 43. Rf2 Rb3 44. g4 Kg6 45. Kg2 f6 46. Kh2 h5 47.
gxh5+ Kxh5 48. Rxf6 Rxb2+ 49. Kg3 Kg5 50. Rb6 Rb3+ 51. Kf2 Kf4 52. Ke2 Kg3 53.
Rg6+ Kxh3 54. Rg5 Kh4 55. Rd5 Kg4 56. Rd3 Rb2+ 57. Kd1 Kf4 58. Kc1 Ke4 59. Rc3
Ra2 60. Rc5 1/2-1/2

[Event "62nd ch-IND 2025"]
[Site "Guntur IND"]
[Date "2025.09.27"]
[Round "7.12"]
[White "Prraneeth, Vuppala"]
[Black "Surendran, N"]
[Result "0-1"]
[WhiteTitle "GM"]
[WhiteElo "2475"]
[BlackElo "2158"]
[WhiteFideId "46622373"]
[BlackFideId "5021243"]
[EventDate "2025.09.21"]

1. e4 c5 2. Nf3 a6 3. c4 Nc6 4. d4 cxd4 5. Nxd4 Nf6 6. Nc3 e5 7. Nf5 d5 8. cxd5
Nxe4 9. Nxg7+ Bxg7 10. Nxe4 Nd4 11. Nc3 b5 12. Bd3 O-O 13. O-O f5 14. Be3 Bb7
15. f4 Qh4 16. Bxd4 exd4 17. Ne2 Rad8 18. Ng3 Rxd5 19. Rc1 Qe7 20. Re1 Qd6 21.
Qe2 Qxf4 22. Qe6+ Rf7 23. Nh5 Qg5 24. Qxf7+ Kxf7 25. Rc7+ Kf8 26. Re8+ Kxe8 27.
Nxg7+ Qxg7 28. Rxg7 Bc6 29. Rxh7 Re5 30. Kf2 Be4 31. Rh3 Kf7 32. Rg3 Kf6 33. h4
Re7 34. h5 Rh7 35. Be2 Ke5 36. Rg6 d3 37. Bd1 f4 38. Rxa6 Rg7 39. Bf3 Bxf3 40.
gxf3 Rg1 41. h6 Rh1 42. h7 Rxh7 43. Ke1 Kd4 44. Rd6+ Ke3 45. Re6+ Kxf3 46. Kd2
Rh2+ 47. Kc3 Rc2+ 48. Kxd3 Rxb2 49. Ra6 Rb4 0-1

[Event "62nd ch-IND 2025"]
[Site "Guntur IND"]
[Date "2025.09.27"]
[Round "7.13"]
[White "Dhulipalla, Bala Chandra Prasad"]
[Black "Bhoir Paras Dilip"]
[Result "1/2-1/2"]
[WhiteTitle "IM"]
[WhiteElo "2446"]
[BlackElo "2219"]
[WhiteFideId "25005812"]
[BlackFideId "25763695"]
[EventDate "2025.09.21"]

1. Nf3 d5 2. g3 Nf6 3. Bg2 e6 4. d4 Be7 5. c4 O-O 6. Nc3 dxc4 7. Ne5 c5 8. dxc5
Qxd1+ 9. Nxd1 Bxc5 10. O-O Nc6 11. Bxc6 bxc6 12. Be3 Bd6 13. Nxc4 Bc7 14. b3 Ba6
15. Ndb2 Nd5 16. Bc5 Rfd8 17. Rfc1 Nb6 18. Kf1 Rd5 19. Be3 Rad8 20. Nd3 Nxc4 21.
bxc4 Rh5 22. h4 Rf5 23. g4 Ra5 24. Bxa7 Ra4 25. Nc5 Ra3 26. Nxa6 Rxa6 27. Be3 h5
28. gxh5 Be5 29. Rd1 Rda8 30. Rab1 Ra4 31. Rdc1 Rxa2 32. Rb6 R8a6 33. c5 Bc7 34.
Kg2 Bxb6 35. cxb6 Rb2 36. Rxc6 Ra4 37. Kg3 Rb3 38. Rc8+ Kh7 39. Rc7 f5 40. Kg2
Rg4+ 41. Kh3 Rgb4 42. Kg2 Rxh4 43. Re7 f4 44. Bc5 Rxh5 45. Bd6 Rg5+ 46. Kh2 Rh5+
47. Kg2 Rg5+ 48. Kh2 f3 49. exf3 Rxb6 50. Bg3 Kg6 51. f4 Rf5 52. Kg2 Rf7 53. Re8
Rfb7 54. Rc8 Rb3 55. Rc6 Kf6 56. Bh4+ Kf5 57. Bg3 Rd3 58. Rc5+ Rd5 59. Rc6 Rbd7
60. Ra6 Rc5 61. Rb6 Rc1 62. Rb5+ Rd5 63. Rb6 Re1 64. Rb7 Kg6 65. Ra7 Rdd1 66.
Bh2 Kf6 67. Ra8 Rh1 68. Ra5 Rb1 69. Ra6 Rbd1 70. Ra5 Rde1 71. Rb5 Rb1 72. Ra5
Rhd1 73. Rc5 Rd5 74. Rc6 Rb2 75. Bg3 g5 76. fxg5+ Rxg5 77. Ra6 Rd5 78. Ra8 Rb7
79. Re8 Rdb5 80. Rf8+ Ke7 81. Rh8 Kf7 82. Kf3 Rb3+ 83. Kg2 Kg6 84. Re8 Kf5 85.
Rf8+ Ke4 86. Re8 R7b6 87. Re7 Ra6 88. Re8 Rba3 89. Re7 Kf5 90. Rf7+ Ke4 91. Re7
R3a5 92. Re8 Rh5 93. Rb8 Ra4 94. Rg8 Ra1 95. Rb8 e5 96. Rb4+ Kd3 97. Rb5 Kd4 98.
f4 Ra2+ 99. Bf2+ Ke4 100. Rxe5+ Rxe5 101. fxe5 Kxe5 102. Kf3 Ra3+ 103. Kg2 Kf4
104. Bc5 Ra2+ 105. Kh1 Rd2 106. Bb6 Kg3 107. Bc7+ Kf3 108. Bb6 Rc2 109. Bd4 Rg2
110. Bc5 Kg3 111. Bd6+ Kh3 112. Bc5 Rc2 113. Bd4 Rc1+ 114. Bg1 Kg3 1/2-1/2